La función delta

Tallennettuna:
Bibliografiset tiedot
Päätekijä: Montero, Rosa (autora)
Aineistotyyppi: Kirja
Kieli:espanja
Julkaistu: Madrid Debate 1991
Painos:11a. ed
Sarja:Colección Literatura, 6
Aiheet:
Tagit: Lisää tagi
Ei tageja, Lisää ensimmäinen tagi!

MARC

LEADER 00000nam a2200000 a 4500
001 UCZ0330
003 CL-VaPUC
008 950728e19910000SP |||||||||||||||||spa|d
082 0 4 |a 863  |b MON  |2 21 
100 |a Montero, Rosa  |e autora  |9 431317 
245 1 3 |a La función delta 
250 |a 11a. ed 
300 |a 369 p 
942 |c BK 
945 |d 19950728 00:00:00  |a rbrito 
260 |a Madrid  |b Debate  |c 1991 
650 0 |a Novelas españolas  |9 265052 
583 |a last modification  |c 19950728 00:00:00  |k Rodrigo Vera 
490 0 |a Colección Literatura, 6 
999 |c 237276  |d 237274 
952 |0 0  |1 0  |4 0  |6 863_000000000000000_MON_1991  |7 0  |8 A  |9 246182  |a FDOPOS  |b FDOPOS  |d 2019-11-18  |i 311385K  |o 863 MON 1991  |p 311385K  |r 2025-01-22  |w 2019-11-18  |y BK  |k MLH